[Event "Prebor Prahy jednotlivcu + Rejfiruv memorial 2025"]
[White "Cejkova, Miroslava"]
[Black "Pospisil, Evzen"]
[Site "Praha"]
[Round "3.6"]
[Result "1/2-1/2"]
[Date "2025.04.30"]
[WhiteElo "1968"]
[BlackElo "2017"]
[PlyCount "102"]
[GameId "2172630577070161"]
[EventDate "2025.??.??"]

1. e4 c5 2. Nc3 Nc6 3. f4 g6 4. Nf3 Bg7 5. Bc4 e6 6. d3 d6 7. O-O Nge7 8. Qe1 Nd4 9. Nxd4 cxd4 10. Ne2 O-O 11. Bb3 Nc6 12. Bd2 b6 13. Qg3 Kh8 14. Rae1 f5 15. exf5 gxf5 16. Qf3 Qc7 17. Ng3 d5 18. Nh5 Rf7 19. Nxg7 Kxg7 20. Qf2 h6 21. Ba4 Bd7 22. Kh1 Kh7 23. Re2 a6 24. Bxc6 Qxc6 25. Be1 Qa4 26. b3 Qxa2 27. Qxd4 a5 28. Qxb6 a4 29. bxa4 Qxa4 30. Bc3 Rc8 31. Qb2 Qb5 32. Qxb5 Bxb5 33. Be5 Rb7 34. Kg1 Bd7 35. Kf2 Kg6 36. Ke3 Kf7 37. Rf3 Rg8 38. Rf1 Ke7 39. Ra1 h5 40. c4 dxc4 41. dxc4 Bc6 42. g3 Rd8 43. c5 Rb3+ 44. Kf2 Rf3+ 45. Kg1 Rd7 46. Rb2 Rfd3 47. Bd6+ Ke8 48. Rb6 Be4 49. Be5 Rd1+ 50. Rxd1 Rxd1+ 51. Kf2 Kd7 1/2-1/2

[Event "Prebor Prahy jednotlivcu + Rejfiruv memorial 2025"]
[White "Lukasiewicz, Aleksander"]
[Black "Heller, Jan"]
[Site "Praha"]
[Round "3.8"]
[Result "1-0"]
[Date "2025.04.30"]
[WhiteElo "2029"]
[BlackElo "1936"]
[PlyCount "117"]
[GameId "2172635417019923"]
[EventDate "2025.??.??"]

1. d4 Nf6 2. Bf4 g6 3. Nc3 d5 4. e3 Bg7 5. Nb5 Na6 6. h4 h5 7. Nc3 Bf5 8. Nf3 O-O 9. Be2 c6 10. Ne5 Qc8 11. Bxa6 bxa6 12. Na4 Rb8 13. b3 Rb4 14. O-O Nd7 15. Nxd7 Bxd7 16. Nc5 Rb5 17. Rc1 Rxc5 18. dxc5 e5 19. Bg3 f5 20. f4 e4 21. c4 Be6 22. cxd5 Bxd5 23. Be1 Bf6 24. g3 Rd8 25. Qc2 Qb7 26. Bc3 Be7 27. Ba1 Bf8 28. Rfd1 Rd7 29. Be5 Qb5 30. Kf2 a5 31. Rd4 Kf7 32. Ra4 Be6 33. Bd4 Be7 34. Qc3 Bd8 35. Rc2 a6 36. Re2 Rd5 37. Rc2 Rd7 38. Qb2 Be7 39. Qa3 Qd3 40. Qc1 Qb5 41. Qe1 Bd8 42. Bb2 Rd5 43. Rd4 Rxd4 44. Bxd4 a4 45. bxa4 Qxa4 46. Rb2 Bd5 47. Qd2 Ke6 48. Bc3 Be7 49. Bd4 Bc4 50. Rb4 Qxa2 51. Qxa2 Bxa2 52. Ra4 Bb3 53. Rxa6 Kd5 54. Ra5 Bc4 55. Ke1 Bd8 56. Ra8 Bc7 57. Rg8 Ba5+ 58. Kf2 Bb3 59. Rxg6 1-0

[Event "Prebor Prahy jednotlivcu + Rejfiruv memorial 2025"]
[White "Verner, Matej"]
[Black "Plasek, Zdenek"]
[Site "Praha"]
[Round "3.9"]
[Result "1/2-1/2"]
[Date "2025.04.30"]
[WhiteElo "2070"]
[BlackElo "1963"]
[PlyCount "106"]
[GameId "2172642268912456"]
[EventDate "2025.??.??"]

1. e4 c5 2. Nf3 d6 3. c3 Nf6 4. h3 e6 5. Bd3 Be7 6. Bc2 Qc7 7. d4 cxd4 8. cxd4 Nc6 9. Nc3 a6 10. O-O b5 11. Be3 Nb4 12. Bb3 d5 13. Rc1 Qb7 14. e5 Ne4 15. a3 Nxc3 16. Rxc3 Nc6 17. Qc1 Bd7 18. Bg5 Rc8 19. Bxe7 Nxe7 20. Rxc8+ Bxc8 21. Bc2 h6 22. b4 O-O 23. Qd2 Bd7 24. Qd3 g6 25. Nh2 Rc8 26. Ng4 Kg7 27. Qd2 Ng8 28. Bb1 Qc7 29. Qf4 Qd8 30. Rc1 Qg5 31. Qxg5 hxg5 32. Rc5 Ne7 33. Nh2 Rxc5 34. bxc5 Nc6 35. Nf3 f5 36. g4 Na5 37. Nxg5 Nc4 38. c6 Bc8 39. a4 bxa4 40. gxf5 gxf5 41. h4 Nd2 42. Ba2 Nb3 43. Bxb3 axb3 44. Nf3 a5 45. Nd2 a4 46. Nb1 Kg6 47. Kg2 Kh5 48. Kh3 f4 49. Na3 Ba6 50. c7 b2 51. f3 Bf1+ 52. Kh2 Ba6 53. Kh3 Bf1+ 1/2-1/2

[Event "Prebor Prahy jednotlivcu + Rejfiruv memorial 2025"]
[White "Petras, Milan"]
[Black "Koper, Stefan"]
[Site "Praha"]
[Round "3.10"]
[Result "1/2-1/2"]
[Date "2025.04.30"]
[WhiteElo "2006"]
[BlackElo "1826"]
[PlyCount "91"]
[GameId "2172646621343622"]
[EventDate "2025.??.??"]

1. Nc3 c5 2. e4 Nc6 3. g3 g6 4. Bg2 Bg7 5. d3 d6 6. Be3 e5 7. Qd2 Be6 8. f4 Nge7 9. Nf3 f6 10. O-O O-O 11. Rf2 Nd4 12. h3 Qd7 13. Kh2 b5 14. Nh4 Bf7 15. Nd1 Rab8 16. c3 Ndc6 17. Nf3 b4 18. fxe5 Nxe5 19. Nxe5 fxe5 20. Bh6 a5 21. Bxg7 Kxg7 22. Ne3 Be6 23. Raf1 Rxf2 24. Qxf2 Ng8 25. c4 Qe7 26. Qc2 Qd7 27. g4 a4 28. Qf2 Qe7 29. Qg3 h6 30. Bf3 a3 31. b3 Kh7 32. h4 Rf8 33. Be2 Rxf1 34. Bxf1 Qf6 35. g5 Qe7 36. Bh3 Bxh3 37. Kxh3 Qf7 38. Kg2 Qe6 39. Nd5 h5 40. Qf3 Kg7 41. Kf2 Qf7 42. Ke2 Qxf3+ 43. Kxf3 Kf7 44. Ke3 Ne7 45. Nxe7 Kxe7 46. Kf3 1/2-1/2

[Event "Prebor Prahy jednotlivcu + Rejfiruv memorial 2025"]
[Site "Praha"]
[Date "2025.05.07"]
[Round "4.1"]
[White "Kulhanek, Tomas"]
[Black "Tesar, Jakub"]
[Result "1-0"]
[WhiteElo "2310"]
[BlackElo "1953"]
[PlyCount "77"]
[GameId "2174970882619987"]
[EventDate "2025.??.??"]

1. e4 c6 2. d4 d5 3. e5 Bf5 4. h4 h5 5. Bd3 Bxd3 6. Qxd3 Qa5+ 7. Nd2 Qa6 8. e6 Qxd3 9. exf7+ Kxf7 10. cxd3 Nd7 11. Ndf3 Ngf6 12. Nh3 c5 13. Nhg5+ Kg6 14. Ne5+ Kf5 15. Nef3 Ng4 16. dxc5 Nxc5 17. d4 Ne4 18. O-O g6 19. Ne1 Bg7 20. Nc2 Nxg5 21. Bxg5 Rac8 22. f3 Rxc2 23. fxg4+ Ke4 24. Rae1+ Kd3 25. Rf3+ Kc4 26. Rxe7 Bxd4+ 27. Kh2 Bb6 28. b3+ Kc5 29. gxh5 gxh5 30. a3 Ra2 31. Rc3+ Kb5 32. a4+ Kb4 33. Rd3 Rc8 34. Re5 Rcc2 35. Be7+ Ka5 36. Rdxd5+ Ka6 37. Rg5 Rc1 38. Rg6 Rb1 39. Bb4 1-0

[Event "Prebor Prahy jednotlivcu + Rejfiruv memorial 2025"]
[Site "Praha"]
[Date "2025.05.07"]
[Round "4.2"]
[White "Muron, Miroslav"]
[Black "Krivanek, Vladimir"]
[Result "1-0"]
[WhiteElo "2113"]
[BlackElo "2172"]
[PlyCount "109"]
[GameId "2175510620012601"]
[EventDate "2025.??.??"]

1. e4 c6 2. Nc3 d5 3. g3 d4 4. Nce2 e5 5. d3 c5 6. f4 f6 7. Nf3 Nc6 8. Bg2 Bg4 9. h3 Be6 10. O-O Bd6 11. c4 Qd7 12. f5 Bf7 13. g4 h6 14. h4 Nge7 15. Ng3 a6 16. Nh2 Bc7 17. Bf3 Na7 18. Rf2 Nec6 19. Rg2 O-O-O 20. a3 b5 21. b3 bxc4 22. bxc4 Ba5 23. Rb1 Kc7 24. Rgb2 Rb8 25. g5 hxg5 26. hxg5 Bc3 27. Rxb8 Rxb8 28. Rxb8 Kxb8 29. Bh5 Na5 30. Bxf7 Qxf7 31. g6 Qb7 32. Bh6 N7c6 33. Nh5 gxh6 34. Ng4 Ne7 35. Ngxf6 Nac6 36. g7 Nd8 37. g8=Q Nxg8 38. Nxg8 Qb2 39. Nxh6 Bd2 40. Ng4 Be3+ 41. Kh1 Nf7 42. a4 Kb7 43. f6 Kb6 44. Ng7 Ka5 45. Ne6 Kb4 46. Nc7 Ka3 47. Nxa6 Bf4 48. Nxc5 Nh6 49. Qb3+ Qxb3 50. Nxb3 Nxg4 51. f7 Bh6 52. a5 Nf6 53. Nc5 Bf8 54. a6 Bxc5 55. a7 1-0

[Event "Prebor Prahy jednotlivcu + Rejfiruv memorial 2025"]
[Site "Praha"]
[Date "2025.05.07"]
[Round "4.3"]
[White "Pospisil, Evzen"]
[Black "Filipi, Stepan"]
[Result "1/2-1/2"]
[WhiteElo "2017"]
[BlackElo "2121"]
[PlyCount "97"]
[GameId "2175513511604746"]
[EventDate "2025.??.??"]

1. d4 Nf6 2. g3 d5 3. Bg2 e6 4. Nf3 Be7 5. c4 c6 6. Nbd2 O-O 7. O-O Nbd7 8. Qc2 a6 9. e4 dxe4 10. Nxe4 Nxe4 11. Qxe4 Nf6 12. Qc2 h6 13. Rd1 Qa5 14. c5 Nd5 15. Ne5 Qc7 16. Nc4 Bd7 17. Bxd5 cxd5 18. Bf4 Qc6 19. Ne5 Qc8 20. a4 a5 21. Rac1 Ra6 22. b3 Be8 23. h4 f5 24. Kg2 Bf6 25. Rh1 Bh5 26. f3 Qe8 27. Qd2 Qe7 28. Nd3 Qf7 29. Be5 Bxe5 30. Nxe5 Qe7 31. Rc3 Be8 32. h5 Qg5 33. Rc2 f4 34. g4 Ra8 35. Qe1 Rf6 36. Qh4 Qxh4 37. Rxh4 g6 38. hxg6 Bxg6 39. Rc1 Kg7 40. Kf2 Rh8 41. Ke2 Rff8 42. Nxg6 Kxg6 43. Rh5 Rc8 44. Kd3 Kf6 45. Rch1 Kg7 46. Re5 Kf6 47. Rhe1 Rc6 48. Rh5 Kg6 49. Rhe5 1/2-1/2

[Event "Prebor Prahy jednotlivcu + Rejfiruv memorial 2025"]
[Site "Praha"]
[Date "2025.05.07"]
[Round "4.4"]
[White "Docekalova, Alexandra"]
[Black "Siktanc, Petr"]
[Result "1/2-1/2"]
[WhiteElo "1977"]
[BlackElo "2011"]
[PlyCount "43"]
[GameId "2174942876639309"]
[EventDate "2025.??.??"]

1. Nf3 d6 2. d4 g6 3. g3 Bg7 4. Bg2 Nf6 5. b3 c5 6. Bb2 cxd4 7. Nxd4 d5 8. O-O O-O 9. e3 Qb6 10. Nd2 Rd8 11. Qe2 Bg4 12. Bf3 Bd7 13. c4 e5 14. Nc2 e4 15. Bg2 Be6 16. cxd5 Bxd5 17. Bd4 Qe6 18. Nb4 Nc6 19. Nxc6 Bxc6 20. Rfd1 Ne8 21. Bxg7 Nxg7 22. Qc4 1/2-1/2

[Event "Prebor Prahy jednotlivcu + Rejfiruv memorial 2025"]
[Site "Praha"]
[Date "2025.05.07"]
[Round "4.5"]
[White "Matras, Ondrej"]
[Black "Lukasiewicz, Aleksander"]
[Result "1/2-1/2"]
[Annotator "U~ivatel"]
[WhiteElo "2146"]
[BlackElo "2029"]
[PlyCount "201"]
[GameId "2175516659475386"]
[EventDate "2025.??.??"]

1. d4 d5 2. c4 e6 3. Nf3 Nf6 4. Nc3 Be7 5. Bf4 O-O 6. e3 b6 7. cxd5 Nxd5 8. Nxd5 Qxd5 9. Bxc7 Bb4+ 10. Nd2 Nc6 11. a3 Bxd2+ 12. Qxd2 Bb7 13. Rd1 Rac8 14. Bg3 Rfd8 15. f3 e5 16. Bd3 exd4 17. O-O Qh5 18. e4 h6 19. Rc1 Qa5 20. Qe2 Qa4 21. Rc2 Na5 22. Rfc1 Nb3 23. Rxc8 Rxc8 24. Rxc8+ Bxc8 25. Bb5 Nc1 26. Bxa4 Nxe2+ 27. Kf2 Nxg3 28. hxg3 Ba6 29. Bd1 f6 30. Be2 d3 31. Bf1 Kf7 32. Ke3 d2 33. Be2 Ke6 34. Kxd2 Bb7 35. Ke3 Ke5 36. f4+ Kd6 37. Kd4 Bc6 38. Bc4 Bb7 39. b4 Bc6 40. Bb3 Bb5 41. a4 Bf1 42. Bd5 Be2 43. a5 Bf1 44. e5+ fxe5+ 45. fxe5+ Ke7 46. Ke3 Bb5 47. Kf4 Bd7 48. Bf3 Be6 49. Ke4 Kd7 50. Kd4 Ke7 51. Bb7 Bb3 52. Bd5 Ba4 53. Be4 Bb3 54. Bf5 Ba2 55. Ke4 Bc4 56. Bh3 Bb3 57. Kf5 Bc2+ 58. Kf4 Bd3 59. Bf5 Bc4 60. Bg6 Bd5 61. Be4 Be6 62. g4 g5+ 63. Kf3 Bb3 64. Bf5 Bd5+ 65. Kf2 Bc6 66. g3 Bd5 67. Ke3 Bb3 68. Kd4 Ba2 69. Bc8 Bb3 70. Ke4 Kf7 71. Bb7 Ke7 72. Kd4 Be6 73. Bf3 Bb3 74. Be4 Be6 75. Bf5 Bb3 76. Kc3 Ba2 77. Bc8 Bd5 78. Kd4 Bb3 79. Ke4 Bc4 80. Bf5 Bb3 81. Kd4 Ba2 82. Bd3 Bb3 83. Ke4 Ke6 84. Ba6 Ke7 85. Be2 Ba2 86. Kd4 Bb3 87. Bf3 Be6 88. Ke4 Kf7 89. Be2 Ke7 90. Kd4 Bb3 91. axb6 axb6 92. Bf3 Be6 93. Bd1 Ba2 94. Bc2 Be6 95. Bf5 Bb3 96. Bc8 Ba2 97. Ba6 Be6 98. Be2 Bb3 99. Bf3 Be6 100. Ke4 Kf7 101. Be2 1/2-1/2

[Event "Prebor Prahy jednotlivcu + Rejfiruv memorial 2025"]
[Site "Praha"]
[Date "2025.05.07"]
[Round "4.6"]
[White "Svadlenka, Dominik"]
[Black "Cejkova, Miroslava"]
[Result "1-0"]
[Annotator "U~ivatel"]
[WhiteElo "1957"]
[BlackElo "1968"]
[PlyCount "95"]
[GameId "2175527045716009"]
[EventDate "2025.??.??"]

1. d4 d5 2. c4 e6 3. Nc3 c6 4. Nf3 Nf6 5. Bg5 dxc4 6. e4 b5 7. e5 h6 8. Bh4 g5 9. Nxg5 hxg5 10. Bxg5 Be7 11. exf6 Bxf6 12. Bxf6 Qxf6 13. g3 Bb7 14. Bg2 Qe7 15. O-O Na6 16. d5 cxd5 17. Qd4 Rg8 18. Nxb5 Nb4 19. Rac1 a6 20. Nc3 Rd8 21. f4 Nd3 22. Rcd1 Nc5 23. Rfe1 Kf8 24. Re3 Qc7 25. Kh1 Nd7 26. Ne2 Qc5 27. Rd2 Qxd4 28. Nxd4 Rh8 29. Kg1 Kg7 30. g4 Rh4 31. h3 Rc8 32. Kf2 Nc5 33. f5 Kf6 34. g5+ Ke7 35. fxe6 Nd3+ 36. Rexd3 cxd3 37. Nf5+ Kxe6 38. Nxh4 Rc4 39. Nf3 a5 40. Rxd3 Rc2+ 41. Rd2 Rc1 42. Kg3 Ra1 43. a3 Rb1 44. h4 Kf5 45. h5 Rc1 46. Bh3+ Ke4 47. h6 Ke3 48. h7 1-0

[Event "Prebor Prahy jednotlivcu + Rejfiruv memorial 2025"]
[Site "Praha"]
[Date "2025.05.07"]
[Round "4.7"]
[White "Mikhno, Artem"]
[Black "Verner, Matej"]
[Result "0-1"]
[WhiteElo "1901"]
[BlackElo "2070"]
[PlyCount "95"]
[GameId "2174963398846207"]
[EventDate "2025.??.??"]

1. d4 Nf6 2. c4 c5 3. d5 e6 4. Nc3 exd5 5. cxd5 d6 6. Nf3 g6 7. Bg5 Bg7 8. Nd2 O-O 9. e4 h6 10. Bh4 Na6 11. Bc4 Nc7 12. O-O a6 13. a4 Rb8 14. a5 b5 15. axb6 Rxb6 16. Qc2 g5 17. Bg3 Nh5 18. Na4 Rb4 19. Rae1 Nb5 20. Bxb5 axb5 21. Nc3 Bd4 22. b3 f5 23. Na2 f4 24. Nxb4 cxb4 25. Kh1 g4 26. Qd3 Bc3 27. Rd1 Qg5 28. Kg1 Bd7 29. Kh1 Ra8 30. Rg1 fxg3 31. fxg3 Ra2 32. Nb1 Be5 33. Rgf1 Nf6 34. Rd2 Ra1 35. Rdf2 h5 36. Kg1 Kg7 37. Kh1 h4 38. gxh4 Qxh4 39. g3 Qg5 40. Qc2 Qg6 41. Nd2 Rxf1+ 42. Rxf1 Nxd5 43. Qd3 Nc3 44. Qe3 Bc6 45. Qa7+ Kh6 46. Qe3+ Qg5 47. Qd3 Kg7 48. Rf5 0-1

[Event "Prebor Prahy jednotlivcu + Rejfiruv memorial 2025"]
[Site "Praha"]
[Date "2025.05.07"]
[Round "4.8"]
[White "Plasek, Zdenek"]
[Black "Heller, Jan"]
[Result "0-1"]
[WhiteElo "1963"]
[BlackElo "1936"]
[PlyCount "78"]
[GameId "2174959442006959"]
[EventDate "2025.??.??"]

1. c4 Nf6 2. Nc3 g6 3. Nf3 Bg7 4. e4 d6 5. d4 O-O 6. Be2 Nbd7 7. O-O e5 8. Re1 h6 9. d5 Nc5 10. Nd2 a5 11. b3 Nh7 12. Rb1 f5 13. f3 Bd7 14. a3 Nf6 15. b4 axb4 16. axb4 Na4 17. Bb2 Nxb2 18. Rxb2 Qe7 19. Bd3 f4 20. Qc2 g5 21. Be2 h5 22. Ra2 g4 23. Rea1 Rab8 24. Qd1 Rfc8 25. Qe1 Nh7 26. Qf2 Bf6 27. Nf1 Bh4 28. Qa7 Ng5 29. Nb5 gxf3 30. Bxf3 Nxf3+ 31. gxf3 Bh3 32. Nxc7 Qxc7 33. c5 dxc5 34. Rc2 Kh8 35. bxc5 Qg7+ 36. Ng3 fxg3 37. c6 bxc6 38. Qa6 Qb7 39. Qe2 Qb6+ 0-1

[Event "Prebor Prahy jednotlivcu + Rejfiruv memorial 2025"]
[Site "Praha"]
[Date "2025.05.07"]
[Round "4.9"]
[White "Srba, Milan"]
[Black "Petras, Milan"]
[Result "1-0"]
[WhiteElo "2043"]
[BlackElo "2006"]
[PlyCount "65"]
[GameId "2174950724149798"]
[EventDate "2025.??.??"]

1. e4 e6 2. d4 d5 3. Nd2 Nf6 4. e5 Nfd7 5. f4 c5 6. c3 Nc6 7. Ndf3 Qa5 8. a3 cxd4 9. b4 Qb6 10. cxd4 Be7 11. h4 f6 12. Bd3 Nf8 13. Ne2 Bd7 14. h5 O-O-O 15. Rh3 Kb8 16. Kf1 a6 17. Bd2 Na7 18. a4 Rc8 19. Rg3 Rg8 20. h6 Ng6 21. hxg7 f5 22. b5 a5 23. Qe1 Bd8 24. Rh3 Rxg7 25. Ng5 Bc7 26. Rxh7 Rxh7 27. Nxh7 Rh8 28. Nf6 Rh1+ 29. Kf2 Bxe5 30. Nxd7+ Kc7 31. Nxb6 Rxe1 32. Rxe1 Bd6 33. Bxa5 1-0

[Event "Prebor Prahy jednotlivcu + Rejfiruv memorial 2025"]
[Site "Praha"]
[Date "2025.05.26"]
[Round "4.10"]
[White "Koper, Stefan"]
[Black "Vanek, Petr"]
[Result "1/2-1/2"]
[Annotator "U~ivatel"]
[WhiteElo "1826"]
[BlackElo "2004"]
[PlyCount "85"]
[GameId "2182442800017721"]
[EventDate "2025.??.??"]

1. d4 d5 2. c4 c6 3. cxd5 cxd5 4. Nf3 Nc6 5. Nc3 Nf6 6. e3 g6 7. Bb5 Bg7 8. Ne5 Bd7 9. Bxc6 bxc6 10. O-O O-O 11. Nd3 Qc7 12. h3 Bf5 13. Nc5 e5 14. b3 Rfe8 15. Bb2 exd4 16. exd4 Rad8 17. N3a4 Qf4 18. Qc1 Qh4 19. Qc3 h5 20. Rae1 g5 21. Nb7 Ne4 22. Rxe4 Bxe4 23. Nxd8 Rxd8 24. Qxc6 g4 25. Qc7 gxh3 26. f3 Bd3 27. Rf2 hxg2 28. Kxg2 Re8 29. Qg3 Qf6 30. Kh2 h4 31. Qc7 Bh6 32. Bc1 Bxc1 33. Qxc1 Qxd4 34. Rg2+ Bg6 35. Qg5 Kh7 36. Rd2 Qb4 37. Kh3 Kg7 38. Qxd5 Bf5+ 39. Kg2 Kh6 40. Qd6+ Qxd6 41. Rxd6+ Kg5 42. Rd2 Kf4 43. Rd4+ 1/2-1/2

[Event "Prebor Prahy jednotlivcu + Rejfiruv memorial 2025"]
[Site "Praha"]
[Date "2025.05.14"]
[Round "5.1"]
[White "Muron, Miroslav"]
[Black "Kulhanek, Tomas"]
[Result "1-0"]
[Annotator "U~ivatel"]
[WhiteElo "2113"]
[BlackElo "2310"]
[PlyCount "105"]
[GameId "2177497212763623"]
[EventDate "2025.??.??"]

1. e4 d5 2. exd5 Nf6 3. d4 Bg4 4. Nf3 Qxd5 5. Be2 e6 6. h3 Bh5 7. c4 Qd6 8. Nc3 c6 9. Qb3 Qb4 10. Qxb4 Bxb4 11. Bd2 Nbd7 12. O-O-O O-O 13. a3 Bd6 14. g4 Bg6 15. Nh4 Ne4 16. Nxe4 Bxe4 17. f3 Bg6 18. Nxg6 fxg6 19. Bc3 Rae8 20. Rhf1 a6 21. a4 Bf4+ 22. Kc2 Rc8 23. b4 Rf7 24. a5 Nf8 25. Bd3 Bg5 26. Be4 h6 27. Kb3 Bf6 28. Rd3 g5 29. Rfd1 Rd7 30. Be1 Kf7 31. d5 exd5 32. cxd5 c5 33. bxc5 Rxc5 34. d6 Rb5+ 35. Bb4 Bd8 36. Rd5 g6 37. Rxb5 axb5 38. Bd3 Kg7 39. Bxb5 Rf7 40. Bc3+ Kh7 41. Rd3 Ne6 42. Re3 Ng7 43. d7 Re7 44. Rxe7 Bxe7 45. Bc4 Bd8 46. Ka4 h5 47. Kb5 hxg4 48. hxg4 Nh5 49. gxh5 gxh5 50. Bd4 h4 51. Be6 Kg6 52. Bb6 Kf6 53. Bg4 1-0

[Event "Prebor Prahy jednotlivcu + Rejfiruv memorial 2025"]
[Site "Praha"]
[Date "2025.05.14"]
[Round "5.2"]
[White "Filipi, Stepan"]
[Black "Svadlenka, Dominik"]
[Result "0-1"]
[WhiteElo "2121"]
[BlackElo "1957"]
[PlyCount "170"]
[GameId "2177526446932987"]
[EventDate "2025.??.??"]

1. d4 d5 2. Nf3 Nf6 3. g3 e6 4. Bg2 Be7 5. c4 O-O 6. O-O dxc4 7. Nbd2 Bd7 8. Ne5 Bc6 9. Nxc6 Nxc6 10. e3 Na5 11. Qa4 c6 12. Nxc4 Nxc4 13. Qxc4 Qa5 14. a3 Rfd8 15. b4 Qb6 16. Bd2 a6 17. Rfd1 Qb5 18. Qc2 Qh5 19. a4 e5 20. dxe5 Ng4 21. h3 Nxe5 22. g4 Qg6 23. Qxg6 hxg6 24. Bc3 Bf6 25. Bd4 Nc4 26. Bxf6 gxf6 27. Rdc1 Ne5 28. Rc2 g5 29. Rb1 Rd6 30. b5 axb5 31. axb5 Rad8 32. bxc6 bxc6 33. Be4 Rd2 34. Rbc1 Rxc2 35. Rxc2 Rd6 36. Kg2 Kf8 37. Kg3 Ke7 38. f4 Nd3 39. Rxc6 Rxc6 40. Bxc6 gxf4+ 41. exf4 Kf8 42. Be4 Nc5 43. Bf5 Kg7 44. Kf3 Na4 45. Bd3 Nc3 46. Ke3 Nd5+ 47. Ke4 Nb6 48. Kd4 Na4 49. Be2 Nb6 50. Kc5 Na4+ 51. Kb4 Nb6 52. Bf3 Kf8 53. Kb5 Nc8 54. Kc5 Ke7 55. Be4 Nd6 56. Bf5 Nb7+ 57. Kd5 Kf8 58. h4 Kg7 59. Bc2 Nd8 60. f5 Nb7 61. Bb3 Kf8 62. Kc6 Na5+ 63. Kd5 Nxb3 64. g5 Kg7 65. Ke4 Nc5+ 66. Kf4 Nd7 67. Kg4 Kg8 68. Kf4 Kh7 69. Ke4 Kg7 70. Kf4 Nc5 71. Kg4 Nd3 72. Kf3 Ne5+ 73. Kf4 Nc6 74. Ke4 Ne7 75. Kf4 Ng8 76. Ke4 Kf8 77. Kd5 Ke7 78. Kc6 Kd8 79. Kd5 Kd7 80. Ke4 Kc6 81. Kf4 Kd5 82. h5 fxg5+ 83. Kxg5 Ke5 84. h6 Nxh6 85. Kxh6 Kxf5 0-1

[Event "Prebor Prahy jednotlivcu + Rejfiruv memorial 2025"]
[Site "Praha"]
[Date "2025.05.14"]
[Round "5.3"]
[White "Siktanc, Petr"]
[Black "Pospisil, Evzen"]
[Result "1/2-1/2"]
[Annotator "U~ivatel"]
[WhiteElo "2011"]
[BlackElo "2017"]
[PlyCount "128"]
[GameId "2177505622089991"]
[EventDate "2025.??.??"]

1. d4 Nf6 2. Nf3 e6 3. c4 b6 4. Bf4 Bb7 5. e3 Bb4+ 6. Nfd2 Ne4 7. a3 Nxd2 8. Nxd2 Be7 9. Bd3 d6 10. O-O Nd7 11. Bg3 O-O 12. Qc2 g6 13. Rad1 f5 14. f4 c5 15. Nb1 Qc7 16. Nc3 Rac8 17. d5 exd5 18. cxd5 Nf6 19. Bc4 a6 20. a4 Rfe8 21. Rfe1 Bf8 22. e4 Nxe4 23. Nxe4 fxe4 24. Rxe4 Qf7 25. Re6 b5 26. axb5 axb5 27. Bxb5 Rxe6 28. dxe6 Qxe6 29. Re1 Qf7 30. Rf1 c4 31. f5 g5 32. f6 Rc5 33. Be8 Qxe8 34. f7+ Qxf7 35. Rxf7 Kxf7 36. Qxh7+ Bg7 37. Bxd6 Rd5 38. Bb4 g4 39. Bc3 Rg5 40. Kf2 Bc8 41. Bxg7 Rxg7 42. Qe4 Be6 43. Qf4+ Ke7 44. Kg3 Rg6 45. Qc7+ Kf6 46. Kf4 Rg7 47. Qe5+ Kf7 48. Qh5+ Ke7 49. Ke5 Kd7 50. Qh6 Re7 51. Qd2+ Ke8 52. Kf6 Bd7 53. Qb4 Re6+ 54. Kg5 Rc6 55. Qb8+ Ke7 56. Qe5+ Kd8 57. h4 gxh3 58. gxh3 Rb6 59. h4 Rb5 60. Qxb5 Bxb5 61. h5 Ba4 62. Kf6 Kd7 63. Ke5 Kc6 64. Kd4 Bc2 1/2-1/2

[Event "Prebor Prahy jednotlivcu + Rejfiruv memorial 2025"]
[Site "Praha"]
[Date "2025.05.14"]
[Round "5.4"]
[White "Tesar, Jakub"]
[Black "Krivanek, Vladimir"]
[Result "0-1"]
[Annotator "U~ivatel"]
[WhiteElo "1953"]
[BlackElo "2172"]
[PlyCount "66"]
[GameId "2177485371250566"]
[EventDate "2025.??.??"]

1. d4 Nf6 2. c4 g6 3. Nc3 d5 4. Bf4 c6 5. e3 Bg7 6. h3 O-O 7. Nf3 Nbd7 8. Bh2 e6 9. Be2 dxc4 10. Bxc4 b5 11. Be2 Bb7 12. Nd2 b4 13. Na4 c5 14. Nxc5 Nxc5 15. dxc5 Bxg2 16. Rg1 Bd5 17. Bd6 Re8 18. Bb5 Qa5 19. Bxe8 Nxe8 20. e4 Bc6 21. Nc4 Qa6 22. Qc2 Ba4 23. Qc1 Bb5 24. Ne3 Nxd6 25. cxd6 Qxd6 26. Qd2 Qxd2+ 27. Kxd2 Bxb2 28. Rad1 Rc8 29. Ng4 h5 30. Nh2 Be5 31. Nf3 Bf4+ 32. Ke1 e5 33. Nh4 Rc2 0-1

[Event "Prebor Prahy jednotlivcu + Rejfiruv memorial 2025"]
[Site "Praha"]
[Date "2025.05.14"]
[Round "5.5"]
[White "Heller, Jan"]
[Black "Matras, Ondrej"]
[Result "0-1"]
[WhiteElo "1936"]
[BlackElo "2146"]
[PlyCount "130"]
[GameId "2177531739060552"]
[EventDate "2025.??.??"]

1. d4 Nf6 2. Bf4 d5 3. e3 Bf5 4. Bd3 Bxd3 5. cxd3 c6 6. Nf3 e6 7. h3 Bd6 8. Ne5 O-O 9. Nc3 Qe7 10. O-O Nfd7 11. Qb3 Nb6 12. Bh2 f6 13. Nf3 Nc8 14. e4 Bxh2+ 15. Nxh2 Na6 16. a3 Rb8 17. Rfe1 Qd8 18. Nf3 Nc7 19. Rad1 Ne7 20. Qc2 Ng6 21. Qd2 Qd6 22. g3 e5 23. Qe3 Rbe8 24. Kg2 exd4 25. Qxd4 c5 26. Qa4 d4 27. Nb5 Nxb5 28. Qxb5 b6 29. a4 Ne5 30. Nh4 g6 31. f4 Nc6 32. Qc4+ Kg7 33. Rd2 Re7 34. Rde2 Rfe8 35. Nf3 Nb4 36. Qb3 Qd7 37. Nd2 g5 38. Nc4 gxf4 39. gxf4 Kh6 40. Kh2 Rg7 41. Rg1 Rxg1 42. Kxg1 Nd5 43. Ne5 Rxe5 44. fxe5 Nf4 45. Rh2 Qg7+ 46. Kf1 fxe5 47. Rf2 Qg3 48. Qd1 Qxh3+ 49. Kg1 Qg3+ 50. Kf1 Qh3+ 51. Kg1 Qe3 52. Kf1 Qxd3+ 53. Qxd3 Nxd3 54. Rh2+ Kg6 55. b3 h5 56. Rg2+ Kf6 57. Rg3 Nc1 58. Ke1 h4 59. Rg4 Nxb3 60. Rxh4 c4 61. Kd1 Nc5 62. Rh6+ Kg5 63. Rh7 Nxa4 64. Rxa7 Nc3+ 65. Kc1 Kf4 0-1

[Event "Prebor Prahy jednotlivcu + Rejfiruv memorial 2025"]
[Site "Praha"]
[Date "2025.05.14"]
[Round "5.6"]
[White "Verner, Matej"]
[Black "Docekalova, Alexandra"]
[Result "0-1"]
[WhiteElo "2070"]
[BlackElo "1977"]
[PlyCount "82"]
[GameId "2177494950616039"]
[EventDate "2025.??.??"]

1. Nf3 e6 2. c4 Nf6 3. Nc3 d5 4. e3 Bd6 5. b3 a6 6. Bb2 Qe7 7. a3 O-O 8. g4 c6 9. g5 Ne4 10. Bd3 Nxc3 11. Bxc3 e5 12. c5 Bc7 13. Bb1 Bg4 14. Qc2 g6 15. Ng1 Qxg5 16. h4 Qh5 17. d3 Nd7 18. b4 f5 19. Ba2 Rae8 20. Kd2 e4 21. Kc1 Be5 22. d4 Bc7 23. Kb2 f4 24. Bd2 fxe3 25. Bxe3 Bf4 26. Nh3 Bxe3 27. fxe3 Bxh3 28. Rxh3 Rf3 29. Rxf3 Qxf3 30. Qd2 Rf8 31. Re1 Qf2 32. Re2 Qxh4 33. Bb3 Rf1 34. Bd1 Nf6 35. Rg2 Qe1 36. Kc2 Qxd2+ 37. Kxd2 Kg7 38. a4 h5 39. a5 Kh6 40. Be2 Ra1 41. Bd1 Ng4 0-1

[Event "Prebor Prahy jednotlivcu + Rejfiruv memorial 2025"]
[Site "Praha"]
[Date "2025.05.14"]
[Round "5.7"]
[White "Lukasiewicz, Aleksander"]
[Black "Srba, Milan"]
[Result "0-1"]
[Annotator "U~ivatel"]
[WhiteElo "2029"]
[BlackElo "2043"]
[PlyCount "72"]
[GameId "2177493101300465"]
[EventDate "2025.??.??"]

1. e4 e6 2. d4 d5 3. exd5 exd5 4. Nf3 Bd6 5. Bd3 Ne7 6. O-O O-O 7. Re1 Bf5 8. Bg5 f6 9. Bh4 Bxd3 10. Qxd3 Ng6 11. Qb5 Nxh4 12. Nxh4 f5 13. Nf3 Nc6 14. Qxd5+ Kh8 15. Nc3 g5 16. Ne5 Qf6 17. Nb5 Rad8 18. Nxd6 Rxd6 19. Qc5 Nxd4 20. Qxc7 Re6 21. Nd7 Rfe8 22. Rf1 Qg7 23. Rad1 R6e7 24. Qxb7 Rxd7 25. Qa6 Qe5 26. h3 g4 27. Rde1 Ne2+ 28. Kh1 gxh3 29. gxh3 Rg7 30. Qc4 f4 31. Qc6 Qh5 32. Kh2 f3 33. Qf6 Qe5+ 34. Qxe5 Rxe5 35. Rd1 Rg2+ 36. Kh1 Rh5 0-1

[Event "Prebor Prahy jednotlivcu + Rejfiruv memorial 2025"]
[Site "Praha"]
[Date "2025.05.14"]
[Round "5.8"]
[White "Cejkova, Miroslava"]
[Black "Plasek, Zdenek"]
[Result "1-0"]
[Annotator "U~ivatel"]
[WhiteElo "1968"]
[BlackElo "1963"]
[PlyCount "33"]
[GameId "2177471679656070"]
[EventDate "2025.??.??"]

1. e4 c5 2. Nc3 e6 3. Nge2 Nc6 4. d4 cxd4 5. Nxd4 Qc7 6. Nxc6 bxc6 7. Qf3 Nf6 8. Be2 d5 9. exd5 cxd5 10. O-O a6 11. Bg5 Be7 12. Bd3 O-O 13. Rfe1 Re8 14. Bxf6 Bxf6 15. Nxd5 Qb7 16. Nxf6+ gxf6 17. Be4 1-0